Modifyng classroom behavior : a manual of procedure for classroom teachers.

保存先:
書誌詳細
第一著者: Buckley, Nancy K. (autor)
その他の著者: Walker, Hill M. (autor) (autor)
フォーマット: 図書
言語:英語
主題:
タグ: タグ追加
タグなし, このレコードへの初めてのタグを付けませんか!

MARC

LEADER 00000cam^a2200000uu^4500
001 000479114
005 20250521000000.0
008 050901s1970^^^^^^^^^^^^rd^r^^000^0^eng^d
009 20260310124929.199
035 |a FCE 000022116 
035 |a FCE 000595 
037 |a Acervo ITESO - Biblioteca 
041 |a eng 
082 0 4 |a 371.14  |b BUCm 
100 |a Buckley, Nancy K.  |e (autor) 
245 1 0 |a Modifyng classroom behavior :  |b a manual of procedure for classroom teachers. 
264 |a Illinois :  |b Champaing Research,  |c 1970. 
300 |a 124 p. 
336 |a texto  |b txt  |2 rdacontenido 
337 |a sin mediación  |b n  |2 rdamedio 
338 |a volumen  |b nc  |2 rdasoporte 
649 |a XX 
650 |a Manual 
650 |a Ambiente educativo 
650 |a Relación alumno-docente 
650 |a Psicología de la educación 
700 |a Walker, Hill M.  |e (autor) 
910 |a Fondo Centro de Estudios Educativos 
920 |a Impresos - Libros 
930 |a Fondos Especiales 
905 |a 133 
901 |a ALE000595  |b IT2  |c CEE  |u 20250521 
902 |a https://opac.biblio.iteso.mx/vufind/Record/000479114